Εισαγωγή εις την χαρακτηρολογίαν
Αποθηκεύτηκε σε:
| Κύριος συγγραφέας: | |
|---|---|
| Μορφή: | Βιβλίο |
| Γλώσσα: | Greek |
| Δημοσίευση: |
Εν Αθήναις :
[χ.ό.],
1960.
|
| Θέματα: | |
| Ετικέτες: |
Προσθήκη ετικέτας
Δεν υπάρχουν, Καταχωρήστε ετικέτα πρώτοι!
|
MARC
| LEADER | 00000cam a2200000 i 4500 | ||
|---|---|---|---|
| 001 | 1/78964 | ||
| 008 | 970221s1960 gre d | ||
| 035 | |a 1995 |b 1 |c Δωρεά |l 10033060 | ||
| 040 | |a GR-MY-UA |b gre |e aacr | ||
| 041 | 0 | |a gre | |
| 082 | 0 | |a 155.2 | |
| 100 | 1 | |a Kunkel, Fritz. | |
| 245 | 1 | 0 | |a Εισαγωγή εις την χαρακτηρολογίαν / |c Fritz Kunkel ; μετάφραση Γρηγορίου Π. Καρύδη. |
| 260 | |a Εν Αθήναις : |b [χ.ό.], |c 1960. | ||
| 300 | |a 269 σ. ; |c 23 εκ. | ||
| 650 | 0 | |a Character. | |
| 650 | 0 | 0 | |a Personality. |
| 650 | 0 | 0 | |a Personality development. |
| 852 | |a INST |b RHODES |e 19970221 |h 155.2 KUN |p 005400007257 |q 005400007257 |t BK |y 0 | ||
| 852 | |a INST |b SAMOS |c PORFYRIADA |e 20151008 |h 155.2 KUN |p 005300042999 |q 005300042999 |t NOLOAN |y 23 | ||
| 901 | |a BIBL4-2000-2 | ||
| 909 | |a Ρ |b 028470 |c 1995 | ||
| 922 | |a 4ΔΩΡ |b 199504 | ||
| 970 | |z 2000/08/ΔΕΜΕΝΑΓΑΣ ΠΕΤΡΟΣ | ||
| 970 | |a Σιτζίμη |b Γιασεμή |z 08/10/2015 | ||